Idustrial development of Kazakhstan between years 2010-2014 and cooperation with Slovakia

Stav bilaterálnych vzťahov Kazachstanu a Slovenskej republiky. Dynamika obchodno-ekonomickej a investičnej spolupráce. Národný program priemyselného a inovačného rozvoja Kazachstanu pre roky 2010-2014. Možnosti spolupráce medzi Kazachstanom a Slovenskom v rámci priemyselného programu.

Guardado en:
Detalles Bibliográficos
Autor principal: Kozhabayeva, Aisulu
Formato: Capítulo de libro
Lenguaje:inglés
Materias:
Etiquetas: Agregar Etiqueta
Sin Etiquetas, Sea el primero en etiquetar este registro!

MARC

LEADER 00000nla$a2200000$$$4500
001 0142402
005 20240502072542.9
041 0 |a eng 
044 |a SK 
245 1 0 |a Idustrial development of Kazakhstan between years 2010-2014 and cooperation with Slovakia  |c Aisulu Kozhabayeva 
520 |a Stav bilaterálnych vzťahov Kazachstanu a Slovenskej republiky. Dynamika obchodno-ekonomickej a investičnej spolupráce. Národný program priemyselného a inovačného rozvoja Kazachstanu pre roky 2010-2014. Možnosti spolupráce medzi Kazachstanom a Slovenskom v rámci priemyselného programu. 
610 2 0 |a spolupráca hospodárska medzinárodná 
610 2 0 |a diverzifikácia 
610 2 0 |a priemysel 
610 2 0 |a inovácia 
610 2 0 |a investície zahraničné 
610 2 0 |a Kazachstan 
610 2 0 |a Slovensko 
100 1 |a Kozhabayeva, Aisulu